Statistics for Countries with the Tallest Buildings

Click here to take the quiz!

General Stats

  • This quiz has been taken 568 times
  • The average score is 16 of 20

Answer Stats

Tallest Building Country % Correct
Shanghai TowerChina
99%
1WTCUnited States
99%
Burj KhalifaUnited Arab Emirates
97%
Taipei 101Taiwan
95%
The ShardUnited Kingdom
92%
Makkah Royal ClockSaudi Arabia
90%
Petronas TowersMalaysia
87%
First C------ian PlaceCanada
85%
Northeast Asia TradeSouth Korea
84%
Abeno HarukasJapan
83%
Federation TowerRussia
81%
Keangnam HanoiVietnam
78%
Q1Australia
77%
Ryugyong HotelNorth Korea
76%
Aspire TowerQatar
71%
Baiyoke Tower IIThailand
69%
Al Hamra FirdousKuwait
65%
United Overseas BankSingapore
62%
Gran Torre CostaneraChile
49%
Trump Ocean ClubPanama
38%

Score Distribution

Percentile by Number Answered

Percent of People with Each Score

Your Score History

You have not taken this quiz